[Event "Bundesliga 0405"]
[Site "Germany"]
[Date "2004.12.12"]
[Round "6.6"]
[White "Holzke, Frank"]
[Black "Vuckovic, Aleksandar"]
[Result "1-0"]
[WhiteElo "2492"]
[BlackElo "2325"]
[Annotator "Mikhalevski,V"]
[PlyCount "69"]
[EventDate "2004.11.12"]
[EventType "team-tourn"]
[EventRounds "15"]
[EventCountry "GER"]
[SourceTitle "CBM 105"]
[Source "ChessBase"]
[SourceDate "2005.04.11"]
[SourceVersion "1"]
[SourceVersionDate "2005.04.11"]
[SourceQuality "1"]
[WhiteTeam "Wattenscheid"]
[BlackTeam "Stuttgart"]
[WhiteTeamCountry "GER"]
[BlackTeamCountry "GER"]

1. e4 c5 2. Nf3 Nc6 3. d4 cxd4 4. Nxd4 g6 5. c4 Bg7 6. Be3 Nf6 7. Nc3 O-O 8.
Be2 d6 9. O-O Nxd4 10. Bxd4 Bd7 11. Qd2 Bc6 12. f3 a5 13. b3 Nd7 14. Be3 Nc5
15. Rab1 Qb6 {[%cal Gf8c8] Freewing the way to the f8-rook.} 16. Rfc1 Rfc8 17.
Rc2 Qd8 {[%cal Gd8f8] The queen wasn't doing much on b6 and so Black brings it
back and intends to take control over the big diaginal by means of Qf8; Bf6
and Qg7.} 18. Bf1 Qf8 (18... h5 19. a3 Kh7 20. Ne2 $14 {Bareev,E-Pavlovic,M,
EU-ch 2003/CBM 98[Postny]}) 19. Nd5 {[%csl Rb6][%cal Gd5b6] White almost
forces exchange on d5 in order to open the e-file for his rooks and to obtain
an advantage of bishop pair. Mixing attack of the e7-pawn with preparation of
b4 White may try to shake Black's position.} ({Immediate} 19. a3 {with the
idea of b4 is the main alternative.} f5 20. b4 axb4 21. axb4 Ne6 22. exf5 gxf5
23. b5 Bd7 24. Nd5 $14 {Wojtkiewicz,A-Jirovsky,M EUCup Krynica 1997/CBM62 
[Tsesarsky]}) 19... Bxd5 20. exd5 {[%csl Re7][%cal Ga2a3,Gb3b4] A typical
position for the whole system. I believe White should've been better since he
has a clear plan of preparing b4, while Black is rather passive. Nevertheless
Black's position is rather solid and so it's not easy to all to break through
it.} h5 $6 {A new move in this concrete position, however the similar idea
already occured many times one move earlier. I think the move creates an
unnecessary hook for the White's attack on the kingside. In general there are
many transpositions and typical ideas in the Maroczy setup. The play is
usually slow and the one who understands this type of positions better has an
advantage.} ({Earlier Black tested other moves.} 20... Re8 21. g3 {[%cal Gf1h3]
} h5 22. Bh3 Bf6 23. a3 {[%cal Gb3b4]} Qg7 24. Kh1 Kh7 25. b4 axb4 26. axb4 Ra1
$2 (26... Na4 $16) 27. Rxa1 Nb3 28. Qd3 Nxa1 29. Ra2 $16 {[%csl Ra1] and White
is clearly better since the a1-knight has no moves. 1/2-1/2 Bellin,R-Corkett,A/
Jersey 2003/CBM 092 ext (49). (49)}) (20... Rc7 21. a3 {[%cal Gb3b4]} b6 22.
Bg5 {A good provocation.} h6 23. Be3 g5 $2 {This is already too much. Black
creates additional weaknesses in his position and deservedly loses.} 24. Qf2
Rb7 25. g3 {[%cal Gf1h3,Gb3b4]} Bf6 26. b4 axb4 27. axb4 Nd7 28. Bh3 Ne5 29. f4
{Exploting Black's mistake on 23rd move.} Nd3 30. Qe2 {[%csl Rd3] Now the
knight is in trouble.} gxf4 31. gxf4 Qg7+ 32. Kh1 $18 {[%cal Gb1g1,Gh3f1] and
soon White won. 1-0 Khalifman,A-Berndt,S/Chalkidiki 2002/CBM 092 (38)}) (20...
Bf6 {[%cal Gf8g7] with the idea of Qg7 looks logical.} 21. Re1 ({I believe
it's better to proceed with the general plan.} 21. a3 {[%cal Gb3b4]}) 21... Qg7
22. Kh1 h5 23. Bh6 Qh8 24. Bg5 {Exchanging the bishops White wants to exploit
weakness of the e7-pawn.} Bxg5 25. Qxg5 Qf6 26. Qxf6 exf6 27. Kg1 Kf8 28. Kf2
Ra6 29. Rb2 b6 30. Ke3 Ra7 31. Kd4 a4 32. b4 a3 33. Rbb1 Nd7 34. Rb3 $14 {
1-0 Arlandi,E-Manca,F/Corridonia 2000/EXT 2001 (47)}) (20... Be5 21. Re1 ({
And again deserved serious attention.} 21. a3 $5 Qg7 22. b4 $14) 21... Qd8 {
Suddenly the queen comes back to the queenside.} 22. g3 Qb6 23. Kh1 Qb4 24. Qf2
Bf6 $14 {Nguyen,G-Tian,K AUS-ch U18 Sydney/EXT2003 [Zong Yuan Zhao].}) 21. Re1
{White chooses to exploit the last move by concentrating his pieces closer to
the kingside} Kh7 $6 {An unfortunate move. Soon he king will get under attack
on the h-file.} 22. h3 $1 {[%cal Gg2g4] An interesting idea. White wants to
use the hook on the kingside by means of g4.} Rc7 {Protecting the e7-pawn
Black prepares Bh6, which is in fact a waste of time.} 23. g4 {Opening of the
h-file is clearly in White's favour.} Bh6 (23... hxg4 24. hxg4 {doesn't seem
to change much.}) 24. f4 {The easiest way to underline senseless of the last
move. The bishop will have to return to g7.} hxg4 25. hxg4 Kg8 26. Bh3 ({
A direct attack along the h-file looked logical and strong.} 26. Qh2 {[%cal
Gh2h4,Gc2h2]} Bg7 27. Qh4 Qc8 28. Rh2 Kf8 29. f5 $1 $18 {[%cal Ge3h6]}) 26...
Bg7 27. f5 $1 {White creates a very unpleasant positional threat of exchange
on g6, which weakens the e6-square and then Bxc5. This way destroying the only
piece which can guard the e6-square White penetrates there with the bishop and
creates decisive threats to the black king.} Be5 {Black doesn't seem to have a
defense.} ({Exhange on f5 would hardly safe Black. Opening of the g-file would
allow White to start a direct attack. Nevertheless it seems to be the only try.
} 27... gxf5 $5 28. gxf5 $40) 28. fxg6 fxg6 29. Bxc5 $1 {[%csl Re6]} Rxc5 30.
Rf1 $1 Qg7 31. g5 $1 $18 {Now the bishop penetrates to e6 with the decisive
effect. Black is absolutely hopeless.} Bd4+ 32. Kh1 (32. Kg2 $1 {is simplier.}
Qe5 33. Be6+ Kg7 34. Re1 $18 {[%csl Re5] traping the queen.}) 32... Qh7 33. Kg2
Qh4 34. Be6+ Kg7 35. Qf4 {White wins a piece, which is more than enough for a
win.} ({However much stronger was} 35. Rf7+ $1 Kh8 36. Rc3 $1 {[%cal Gc3h3]}
Qe4+ (36... Bxc3 37. Qxc3+ {with mate in two.}) 37. Rcf3 Be5 38. Qd1 {[%cal
Gd1h1]} Qh4 39. Rh3 $18) (35. Qf4 {Now after} Qxf4 36. Rxf4 {Black can't keep
the bishop. For example} Be5 37. Rf7+ Kh8 38. Rc1 $1 {[%cal Gc1h1] with a
decisive attack.}) 1-0

[Event "Olympiad-36"]
[Site "Mallorca"]
[Date "2004.10.19"]
[Round "5"]
[White "Rahman, Ziaur"]
[Black "Galego, Luis"]
[Result "1-0"]
[WhiteElo "2535"]
[BlackElo "2515"]
[Annotator "Mikhalevski,V"]
[PlyCount "57"]
[EventDate "2004.10.15"]
[EventType "team-swiss"]
[EventRounds "14"]
[EventCountry "ESP"]
[SourceTitle "CBM 104"]
[Source "ChessBase"]
[SourceDate "2005.01.27"]
[SourceVersion "1"]
[SourceVersionDate "2005.01.27"]
[SourceQuality "1"]
[WhiteTeam "Bangladesh"]
[BlackTeam "Portugal"]
[WhiteTeamCountry "BAN"]
[BlackTeamCountry "POR"]

1. Nf3 Nf6 2. c4 c5 3. Nc3 g6 4. d4 cxd4 5. Nxd4 Bg7 6. e4 d6 7. Be2 O-O 8. O-O
Nc6 9. Be3 Nxd4 10. Bxd4 Be6 {The Maroczy system has been arised.} 11. f4 $1 {
The most agressive approach. White wants to exploit the position of the black
bishop on e6 by advancing his f-pawn to f5.} (11. Qd2 {is a quiet alternative.}
) 11... Qa5 {The main line. Black prevents f5 by taking this square under
control. However Black's results in this line are disastrous.} (11... a6 {
A very uncommon move. Black ignores the threats.} 12. b3 {An unnecessary move.}
(12. f5 $5) 12... Rc8 13. g4 Bd7 14. g5 Ne8 15. f5 Bxd4+ 16. Qxd4 Rc5 $1 {
A brilliant defensive manoeuvre. The rook comes to e5 and Black starts to
exploit weakness of the white king.} 17. Bd3 Re5 18. Rf2 f6 19. gxf6 Nxf6 20.
Rg2 Be8 21. Nd5 Kh8 22. Rf1 Bf7 23. Nxf6 exf6 24. Bc2 Qe7 (24... gxf5 $5) 25.
Rd2 $2 Rd8 (25... gxf5 $5 26. exf5 Rg8+ 27. Rg2 Rxg2+ 28. Kxg2 Be8 $1 $40 {
[%csl Rg2][%cal Ge8c6]}) 26. fxg6 Bxg6 27. c5 $2 Rg8 $17 {0-1 Krivoshey,
S-Andersson,U/St Ingbert GER 2004/The Week in Chess 484 (36). (36)}) (11... Rc8
) ({and} 11... Qc8 {were also tried.}) 12. Qd3 {This is also very logical.
White renews the idea of f5 and also connects the rooks.} ({Another idea was
tested in Iceland.} 12. Kh1 Rac8 13. b3 a6 14. Qe1 Rfe8 15. Rd1 Bd7 16. b4 $1
Qd8 (16... Qxb4 $2 {loses the queen.} 17. Rb1 Qa3 18. Rb3 Qa5 19. Bb6 $18) 17.
c5 Bc6 18. e5 Nd5 19. Nxd5 dxc5 20. Nxe7+ Qxe7 21. Bxc5 $16 {and White is a
pawn up for nothing. Stefansson,H-Gunnarsson,V ISL-ch 2002.}) 12... Rfc8 (12...
Rac8 {is an alternative which doesn't seem to change much.}) 13. b3 Nd7 14. f5
$1 Ne5 (14... Nc5 {is bad in view of} 15. Qe3 Bd7 (15... Bxd4 {changes nothing:
} 16. Qxd4 Bd7 17. b4 $1 Qxb4 18. Nd5 {[%csl Rb4,Re7]} e5 19. fxe6 Nxe6 20. Qf2
{[%csl Rb4,Rd7,Rf7,Rg8][%cal Gd5e7,Gd5f6] and Black can't avoid big material
losses.}) 16. b4 $1 {1-0 Pogorelov,R-Garcia Cuenca,V/Madrid 2001/CBM 84 ext 
(16)}) 15. Qe3 $1 (15. Bxe5 $2 {wins a pawn, but weakens all dark square and
thus helps Black in creating counterplay.}) 15... Bd7 16. Nd5 $16 {White has
won the opening battle. I believe Black should look for a better line instead
of 11...Qa5.} Qd8 ({Also after} 16... Re8 17. b4 $1 Qd8 18. Bxa7 $1 {White is
clearly better. For example} Nc6 19. Bb6 $1 Bxa1 20. Rxa1 $1 Qc8 21. f6 $1 $40
{[%cal Ge3h6] and White's attack is decisive.}) 17. Rad1 $5 {White chooses a
positional approach, which is typical for this Bangladeshi player. He simply
increases pressure in the centre.} ({There was also nothing wrong with the win
of the a-pawn.} 17. Bxa7 $5 Nc6 (17... Rxa7 {is at least not better.} 18. Qxa7
Nc6 19. Qxb7 Bd4+ 20. Kh1 Rb8 21. Qc7 Qxc7 22. Nxc7 Bxa1 23. Rxa1 gxf5 24. exf5
Bxf5 25. Nb5 $1 $16 {preventing Nd4 and White is a pawn up.}) 18. Bb6 (18. f6
$5) 18... Bxa1 19. Rxa1 (19. Bxd8 $2 {doesn't work.} Bd4 20. Nxe7+ Kf8 21. Qxd4
Nxd4 22. Nxc8 Nxe2+ 23. Kf2 Rxc8 24. Bf6 Nf4 {and Black retains an extra piece.
}) 19... Qf8 20. f6 e6 21. Nc7 Rab8 22. Rd1 Ne5 23. c5 Bc6 24. cxd6 Rd8 25. Bd4
Qxd6 26. Qh6 Qf8 27. Qxf8+ Kxf8 28. Bxe5 Bxe4 29. Nxe6+ fxe6 30. Bxb8 Rxb8 31.
Rd7 Rc8 32. Bc4 Rc5 33. Bxe6 {1-0 Ghaem Maghami,E-Mahmoodi,A/Arak 1998/EXT
2003 (33)}) 17... b6 $6 {Too passive. Black protects the a7-pawn, but loses an
important tempo. His last chace was to try to drive the white knight out of d5.
} (17... e6 $1 {was necessary.} 18. f6 $1 Bf8 $1 (18... exd5 19. fxg7 dxe4 20.
Qxe4 {is clearly better for White.}) 19. Nf4 $1 $16 {and the f-pawn is
untouchable.} (19. Ne7+ {is less clear as after} Bxe7 20. fxe7 Qxe7 21. c5 {
Black sacrifices an exchange} Rxc5 $1 22. Bxc5 dxc5 23. Qf4 Nc6 {[%cal Gc6d4]
and obtains counter chances.}) 19... Qxf6 $2 20. Nh5 Qe7 21. Nf6+ Kh8 22. Bxe5
dxe5 23. Rxd7 $18) 18. Qg5 $1 {White forces an unlikely for Black weakening of
the position.} f6 19. Qg3 $1 Qe8 $2 {Black misses a simple tactical blow and
his position collapses.} (19... gxf5 {was necessary, but Black's position is
already unpleasant.} 20. exf5 $16) 20. Bxe5 $1 dxe5 (20... fxe5 {changes
nothing.} 21. fxg6 $1 hxg6 22. Qxg6 $1 Qxg6 23. Nxe7+ Kh7 24. Nxg6 $18 {
and White is too pawns up.} Kxg6 $140 $2 25. Rxd6+ {[%csl Rd7,Rg6]}) 21. fxg6
hxg6 22. Qxg6 $1 $18 {Galego has missed this move. Now he's hopeless.} Qxg6 23.
Nxe7+ Kf7 (23... Kh7 24. Nxg6 Rc7 {wouldn't change the outcome.}) 24. Nxg6 {
[%csl Rd7][%cal Gg6e5]} Kxg6 25. Rxd7 {The opposite colour bishops only add to
the big material advantage.} Rd8 26. Rfd1 Rxd7 27. Rxd7 Bf8 28. Bg4 Kg5 29. Bf5
{A clear win of Rahman.} 1-0

[Event "Sanjin Hotel Cup"]
[Site "Taiyuan"]
[Date "2004.07.24"]
[Round "7"]
[White "Ye, Jiangchuan"]
[Black "Xie, Jun"]
[Result "1-0"]
[WhiteElo "2681"]
[BlackElo "2564"]
[Annotator "Mikhalevski,V"]
[PlyCount "111"]
[EventDate "2004.07.17"]
[EventType "tourn"]
[EventRounds "9"]
[EventCountry "CHN"]
[EventCategory "16"]
[SourceTitle "CBM 102"]
[Source "ChessBase"]
[SourceDate "2004.09.23"]
[SourceVersion "1"]
[SourceVersionDate "2004.09.23"]
[SourceQuality "1"]

1. d4 Nf6 2. c4 g6 3. Nc3 Bg7 4. e4 d6 5. f3 {Saemisch system of the King's
Indian defense is on the board. In only a few moves we'll have a completely
different opening. This only proves a deep link which exists between various
openings.} O-O 6. Be3 c5 7. Nge2 Nc6 8. Qd2 (8. d5 {after the following moves}
Ne5 9. Ng3 e6 10. Be2 exd5 11. cxd5 {would transpose into Benoni!}) 8... Nxd4
9. Nxd4 cxd4 10. Bxd4 {And now suddenly the Maroczi system of the Sicilian has
been arised!} b6 {A very rare line. Very often in the Maroczy system black
uses the a5-square for the queen. Now she will have to forget about this
option. I also don't see a point in placing the bishop on b7 as it will be
restricted by the f3-e4-pawns.} (10... Be6 {is the main line. See for example
1-0 Ward-McShane,BCF-ch [McShane]}) 11. Be2 ({An original setup was chosen by
white in the following game.} 11. Rd1 Bb7 12. Bd3 Qc7 $6 13. O-O Rfd8 $6 14. b3
{1-0 Beyen,M-Seidel,S/Germany 1997/EXT 2003 (30)}) 11... Bb7 12. O-O Rc8 (12...
Qd7 $6 {I believe Black needs the d7-square for the knight.} 13. Rac1 Rac8 14.
Rfd1 Rfd8 15. Be3 Ne8 16. Nb5 Ba8 17. b4 Qb7 18. a4 a6 19. Nd4 e5 $2 20. Nb3 f5
21. Bd3 (21. Qd5+ $1 Qxd5 22. cxd5 $16 {[%csl Ra6,Rb6]}) 21... f4 22. Bf2 $16 {
1-0 Brodsky,M-McLean,J/Isle of Man 1996/EXT 97 (36)}) 13. Rac1 Nd7 (13... Re8
$6 {The rook has nothing to do on e8. Black has more useful moves to do.} 14.
Rfd1 Qc7 15. Nd5 $6 Nxd5 16. cxd5 $2 (16. Bxg7 Ne3 $1 17. Qxe3 Kxg7 $14) 16...
Bxd4+ 17. Qxd4 Qxc1 18. Rxc1 Rxc1+ $15 {1/2-1/2 Hladik,J-Miedzinski,K/Brno
1986/EXT 2000 (33). (32)}) 14. Be3 {Usually exchange of dark-squared bishops
in these positions favours Black.} ({The only advantage of this exchange is
weakening of the black king. And so it can only be justified by direct attack.
} 14. Bxg7 Kxg7 15. f4 {However in this case the rook on c1 is not doing much.
It's better situated on e1.}) 14... a6 15. Kh1 Qc7 16. Rc2 {White prepares an
offensive on the queenside.} Ne5 17. Rfc1 {[%cal Gc3a4]} e6 18. Na4 Nd7 19. b4
Rfd8 20. Bf1 Bc6 21. Nc3 Qb8 22. Bg5 $1 {After black played e6 and weakened
the d6-pawn an exchange of the dark-squared bishops is more justified than
earlier.} Bf6 (22... f6 $6 {only weakens the position.}) 23. Bxf6 Nxf6 24. a3 {
White is strengthening his position on the queenside.} Kg7 (24... d5 $2 25.
cxd5 exd5 26. Bxa6 dxe4 $140 27. Qg5 $1 {[%csl Rc8,Rf6]}) 25. Qe3 $1 {White
start to eye the b6-pawn.} Qb7 26. a4 ({White's not ready yet for immediate
break on the queenside by means of} 26. b5 axb5 (26... Be8 $6 27. bxa6 Qxa6 28.
c5 $1 Qxa3 29. cxb6) 27. cxb5 Be8 28. Na4 Rxc2 29. Rxc2 Qa7 (29... Rb8 $5) 30.
Nxb6 Rb8 31. Nd5 $5 Qa4 32. Rc4 $5 Qxb5 33. Nxf6 Kxf6 $14) 26... e5 {Black's
looking for counterplay by means of Bd7-e6, but at the same time weakening the
d6-pawn.} (26... a5 $5 27. Rb1 Qc7) 27. Rd2 {White switches to the d6-pawn.}
Qc7 28. Rcd1 Rb8 {It's not easy to break Black's fortress which is in fact not
a new fact for Maroczy system.} 29. Bd3 {White preapres f4, but at the same
time allows to bring the light-squared bishop to e6 via d7.} Bd7 30. Rc2 {
White is ready to meet Be6 with Nd5.} Qb7 {Black needs to move the queen away
from the c-file to be able to play Be6 and then to meet Nd5 with Nxd5 or Nd7.}
(30... Be6 31. Nd5 Bxd5 (31... Nxd5 $2 32. cxd5) 32. cxd5 {[%csl Rc6][%cal
Gc2c6]}) 31. Be2 Be6 32. f4 $1 (32. Nd5 Nxd5 33. cxd5 Bd7 34. b5 axb5 35. Bxb5
Rdc8 $1 {and Black is still able to defend.}) 32... exf4 $6 {gives up an
important d4-square for the white rook.} ({It was better to start with} 32...
Rbc8 $5) 33. Qxf4 Rbc8 34. Rd4 $1 Qe7 35. h3 (35. Rcd2 {is not dangerous in
view of} Re8 $1 36. Qxd6 $140 $2 Qxd6 37. Rxd6 Bxc4) 35... Rd7 36. Rcd2 $1 {
Now the d7-rook can't leave the d-file.} Ne8 (36... Rdc7 $2 {loses a pawn.} 37.
Rxd6 Bxc4 38. e5 Ne8 39. Rxb6 Bxe2 40. Nxe2 Rc4 41. Nd4 $16) 37. e5 {Probably
the game is deep in the time-trouble and so this is the most unpleasant moment
for black to face opening of the position.} dxe5 38. Qxe5+ Qf6 $8 (38... Kg8 $4
39. Rxd7) (38... Kf8 $4 39. Qh8#) 39. Qe3 $1 {White needs sthe queen to
exploit weaknesses on the queenside.} Rxd4 40. Rxd4 $14 h6 (40... Nc7 41. Rd6
Na8 {also doesn't look great.}) 41. Rf4 Qd8 (41... Qg5 42. h4 {anyway forces}
Qd8) 42. c5 $1 {Suddenly both the b6 and a6-pawns are starting to hang.} bxc5
43. Bxa6 Ra8 44. Qe5+ $1 Kg8 45. b5 $16 {White managed to create two connected
pass pawns. If he manages to bring the light-squared bishop into play the game
will be over. So} Qb6 (45... Qb8 $5 {was worth trying.}) 46. Ne4 $1 c4 47. Qc5
$1 (47. Nc5 $6 {would allow counterplay.} Rd8 $1 48. Nxe6 Rd1+ (48... Qxe6 49.
Qxe6 fxe6 50. Rxc4) 49. Kh2 fxe6 $132) 47... Qa5 (47... Qd8 $5) 48. Bb7 $1 {
Finally White brings the bishop into play.} Qe1+ (48... Rd8 49. Bc6 $1 Rd1+ 50.
Kh2 g5 51. Rf3 Qe1 52. Ng3 {[%cal Gf3f1] and the connected pawns on the
queenside decide the game.}) 49. Kh2 Rxa4 (49... Rd8 50. Bc6 {is similar to 48.
..Rd8.}) 50. Qe7 $1 $18 {White wins a piece while Black can't create any real
threats.} Ra1 51. Qxe8+ Kg7 52. Qe7 $1 {[%csl Ga3]} Qg1+ 53. Kg3 Qe3+ 54. Rf3
Qe1+ 55. Rf2 Bf5 (55... Qe3+ 56. Kh2) 56. Bd5 $1 {[%csl Rg7]} 1-0